Countries Ending In N But Not "AN" - Statistics

General Stats
  • This quiz has been taken 36 times
  • The average score is 6 of 9
Answer Stats
Country % Correct
Benin
84%
Gabon
75%
Yemen
69%
Sweden
63%
Cameroon
56%
Bahrain
53%
Lebanon
53%
Spain
53%
Liechtenstein
50%
No matching quizzes found
Score Distribution
Percent of People with Each Score
Percentile by Number Answered
Your Score History
You have not taken this quiz